000 00895nam a22002777a 4500
001 BR7705830
003 BR-BrBNA
005 20230928085509.0
007 ta
008 230509b bl.||||| |||| 00| 0 por d
040 _aBR-BrBNA
_bpor
_cBiblioteca Nacional de Agricultura
041 _a(Por)
072 _aE51
_b/G514
090 _ E51 BR7705830
110 1 _aComissao de Planejamento Agricola de Rondonia, Porto Velho (Brasil)
_91997
245 1 _aEstimativas populacionais das principais localidades do territorio federal de Rondonia segundo as zonas urbanas e rural periodo: 1970/1985 - versao preliminas [Brasil]
260 3 _aPorto Velho, RO (Brasil):
_c1977.
300 _a25 p.
500 _a12 tables
650 _aLEVANTAMENTO POPULACIONAL
650 _aZONA RURAL
650 _aZONA URBANA
650 _aRONDONIA
909 _a202309
_bLucia
_c55
_dLucia Elande
942 _cBK
999 _c24750
_d24750